The Original Mouseketeers Quiz Stats

 Plays Quiz Updated Mar 30, 2020

     
Support Sporcle.
Go Orange.
Score 0/11 Timer 03:00
0 Plays Today
First Name % Correct
Annette
93.5%
Bobby
51.8%
Cubby
48.5%
Jimmie
46.8%
Tommy
40.4%
Darlene
31.4%
Karen
28.5%
Roy
25.9%
Sharon
20.9%
Doreen
19.7%
Lonnie
14.2%

From the Vault

2014 Royal Rumble Participants

by freddie3000

Sports 7m
Let's get ready to RUMBLE!
Remove Ads.
Support Sporcle.
Get the best of Sporcle when you Go Orange. This ad-free experience offers more features, more stats, and more fun while also helping to support Sporcle. Thank you for becoming a member.

Show Comments

Extras

Top Quizzes Today


Score Distribution

Your Account Isn't Verified!

In order to create a playlist on Sporcle, you need to verify the email address you used during registration. Go to your Sporcle Settings to finish the process.

Report this User

Report this user for behavior that violates our Community Guidelines.

Details: